=LDR 00000nam 2200000 4500 =001 NUTBA000000000000311 =005 20140320134653.0 =006 =007 =008 =020 ##$$a 979-3357-95-9 =035 ##$$0010-031400000000310 =040 ##$$a Ind =082 ##$$a 639.34 =090 ##$$a 639.34$bNix g =100 ##$$a Nixon =245 ##$$a Guppy$bIkan mungil berekor indah$cNixon,M. Sitanggang =250 ##$$a Cet.2 =260 ##$$a Jakarta$bAgromedia$c2004. =300 ##$$a Vi,64 Hlm$bIlus$c28 cm. =700 ##$$a M. Sitanggang =850 ##$$a NBPNMAT =990 ##$$a 20705893 =990 ##$$a 90825/BPAP-NTB/2014 =990 ##$$a 0001/BPAP-NTB/2016